| 000 | 00496nam a2200181Ia 4500 | ||
|---|---|---|---|
| 005 | 20250603144847.0 | ||
| 008 | 250603s9999 xx 000 0 und d | ||
| 020 | _a9781032782379 | ||
| 050 | _aTD 159.4 .E44/ | ||
| 100 | _aEdited by Om Prakash Mahela, Baseem Khan, Puneet Kumar Jain. | ||
| 245 | 0 | _aEmerging electrical and computer technologies for smart cities | |
| 260 | _aBoca Raton | ||
| 260 | _bCRC Press | ||
| 260 | _c2024 | ||
| 300 | _a364 p | ||
| 650 | _aBoca Raton | ||
| 942 | _cBK | ||
| 999 |
_c40168 _d40168 |
||